UEFA Champions League Winning Countries - Statistics

General Stats
  • This quiz has been taken 53 times
  • The average score is 12 of 13
Answer Stats
Titles Won Runners-Up Country % Correct
12 7 England
100%
7 10 Germany
100%
12 16 Italy
100%
4 5 Portugal
100%
17 11 Spain
100%
1 5 France
98%
6 2 Netherlands
98%
1 1 Scotland
84%
0 1 Belgium
80%
1 1 Romania
80%
0 1 Sweden
80%
0 1 Greece
78%
1 1 Yugoslavia
78%
No matching quizzes found
Score Distribution
Percent of People with Each Score
Percentile by Number Answered
Your Score History
You have not taken this quiz